| 000 | 00526nam a2200157 a 4500 | ||
|---|---|---|---|
| 001 | 000048337 | ||
| 005 | 20201002061100.0 | ||
| 008 | 190208s2018 dr a r 000 0 spa d | ||
| 040 |
_aDO-SdBNP _bspa _cBNPHU |
||
| 082 |
_axxx _bR426i |
||
| 110 | 1 |
_aRepública Dominicana. _bMinisterio de Educación _943100 |
|
| 245 | 1 | 0 | _aInforme de gestión comité ejecutivo nacional 2015-2018. |
| 260 |
_aSanto Domingo : _bAsociación Dominicana de Profesores, _c2018. |
||
| 300 |
_a80 p. : _bil. ; _c28 cm. |
||
| 590 | _aInventariado, 2019 / DG | ||
| 999 |
_c47825 _d47825 |
||